| 000 | 00453nam a2200181Ia 4500 | ||
|---|---|---|---|
| 003 | GCL | ||
| 008 | 140319s9999 xx 000 0 eng d | ||
| 040 |
_aGCL / _cGCL |
||
| 082 | 0 | 4 |
_a759 _bC G |
| 100 | 1 | _aCACHIN, FRANCOISE | |
| 245 | 1 | 0 |
_aGAUGUIN: THE QUEST FOR PARADISE / _cCACHIN, FRANCOISE |
| 260 |
_a[S.N] : _bTHAMES AND HUDSON ، _c1992 |
||
| 300 | _a195 | ||
| 650 | 0 | 4 | _aPAINTING |
| 650 | 0 | 4 | _aPAINTERS |
| 650 | 0 | 4 | _aGAUGUIN |
| 942 |
_2ddc _cBK |
||
| 999 |
_c25325 _d25325 |
||